| 000 | 00623nam a2200205 a 4500 | ||
|---|---|---|---|
| 005 | 20240706063710.0 | ||
| 008 | 991125s1978 es 000 0 spa u | ||
| 020 | _a8432993069 | ||
| 035 | _aUPN01000004551 | ||
| 049 | _aCG | ||
| 050 | 4 |
_aLC4601 _bT5.2 |
|
| 100 | 1 | _aTilley, Pauline | |
| 245 | 1 | 3 |
_aEl arte en la educación especial / _cPauline Tilley. |
| 260 |
_aBarcelona, Esp. : _bCEAC, _c1978. |
||
| 300 |
_a164 p. : _bil. |
||
| 440 | 0 |
_aEducación y enseñanza. _pMonografías |
|
| 650 | 4 |
_aArte _xEstudio y enseñanza (Elemental) _92642 |
|
| 650 | 4 |
_aNiños con discapacidad mental _xEducación _93028 |
|
| 905 | _aLibro | ||
| 999 |
_c4551 _d4551 |
||